| 000 | 01038nam a22002175i 4500 | ||
|---|---|---|---|
| 001 | 167717 | ||
| 003 | ES-MaACL | ||
| 005 | 20250901094904.0 | ||
| 008 | 050927s1892 sp | |||||||| ||spa d | ||
| 040 |
_aCAM _bspa _cCAM |
||
| 100 | 1 |
_aViver, Eudaldo. _9133804 |
|
| 245 | 1 | 0 |
_aDictámen acerca del tema 5º del Congreso Nacional Mercantil de Barcelona "Causas de nuestros desfavorables cambios con la Repúblicas hispano-americanas, medios que deben adoptarse para mejorarlos" / _cpor Edualdo Viver. |
| 260 |
_aSabadell : _b[s.n.], _c1892 ( _fImprenta, litografía y encuadernación de J. Comas) |
||
| 300 |
_a24 p. ; _c21 cm. |
||
| 594 | _aPrecede al tít.: Gremio de Fabricantes y Cámara de Comercio de Sabadell. | ||
| 651 | 4 |
_aEspaña- _xComercio exterior. _98178 |
|
| 710 | 0 | 0 |
_aGremio de Fabricantes de Sabadell. _94492 |
| 710 | 2 |
_aCámara Oficial de Comercio e Industria de Sabadell _92361 |
|
| 852 |
_aES-MaACL _jT-713-F-4 _z-- Enc. hol., conservando la cub. original _z-- Enc. en un vol. facticio |
||
| 999 |
_c167717 _d167717 |
||